000 00533nam a2200169Ia 4500
008 090711s9999 xx 000 0 und d
082 _b78930
100 _aआपटे गजानन
245 _aआपली रेल्वे
260 _bकॉन्टीनेन्टल प्रकाशन
_c1995
300 _a125
600 _aआपटे गजानन
630 _aआपली रेल्वे
700 _aआपटे गजानन
730 _aआपली रेल्वे
942 _cBOOK
999 _c290866
_d290866